000 00400nam a2200169Ia 4500
003 LK-CoDNM
008 010623t1987 xxu||||| |||| 00| 1 eng d
040 _aLK-CoDNM
_dLK-CoDNM
_eLK-CoDNM
041 _aeng
080 _a75(10)
245 _aHow to paint Flowers Plants
260 _bMacdonald co. Ltd
_aLondon
_c1987
300 _b32, 30 cm
650 _aArt
650 _aPaint
942 _cBK
999 _c113549
_d113549